Adhunik bharatiya samajik avom rajnitik thought (Record no. 440461)

000 -LEADER
fixed length control field 00448cam a22001337a 4500
008 - FIXED-LENGTH DATA ELEMENTS--GENERAL INFORMATION
fixed length control field 180718b1995 xxu||||| |||| 00| 0 eng d
020 ## - INTERNATIONAL STANDARD BOOK NUMBER
International Standard Book Number 81 85789 01 0
100 ## - MAIN ENTRY--PERSONAL NAME
Personal name Avasthi, Amreshwer
245 ## - TITLE STATEMENT
Title Adhunik bharatiya samajik avom rajnitik thought
Statement of responsibility, etc. by Amreshwer Avasthi and Ramkumar Avashthi
260 ## - PUBLICATION, DISTRIBUTION, ETC.
Place of publication, distribution, etc. Jaipur
Name of publisher, distributor, etc. Research Publication
Date of publication, distribution, etc. 1995
300 ## - PHYSICAL DESCRIPTION
Extent ii,595p.
650 ## - SUBJECT ADDED ENTRY--TOPICAL TERM
Topical term or geographic name entry element Modren indian social-political thought
700 ## - ADDED ENTRY--PERSONAL NAME
Personal name Avashthi, Ramkumar
Holdings
Withdrawn status Lost status Damaged status Not for loan Permanent Location Current Location Date acquired Barcode Date last seen Price effective from Koha item type
        Indian Institute of Public Administration Indian Institute of Public Administration 2010-05-18 70748 2018-07-21 2018-07-21 Book

Powered by Koha